Pokémon - Les attaques de Lugulabre - Statistiques

Statistiques générales
  • Ce quiz a été pris 23 fois
  • Le résultat moyen est 8 sur 16
Statistiques - réponses
Niveaux Types Noms des attaques % Correct
Départ Spectre Ball'Ombre
100%
Départ Feu Flammèche
93%
Départ Feu Feu Follet
86%
Départ Spectre Châtiment
64%
Départ Spectre Malédiction
64%
Départ Feu Danse Flammes
57%
Départ Spectre Ombre Nocturne
50%
Départ Feu Surchauffe
50%
Départ Spectre Étonnement
43%
Départ Feu Feu d'Enfer
43%
Départ Spectre Onde Folie
43%
Départ Poison Purédpois
43%
Départ Psy Possessif
36%
Départ Ténèbres Souvenir
29%
Départ Normal Balance
21%
Départ Normal Lilliput
21%
Aucun quiz correspondant
Distribution des résultats
% des personnes avec chaque résultat
Percentile par nombre de réponses
Votre historique - résultats
Vous n’avez pas pris ce quiz